| 000 | 01375 a2200205 4500 | ||
|---|---|---|---|
| 020 | _a0761927093 | ||
| 020 | _a9780761927099 | ||
| 082 | 0 | 4 | _a338.43 |
| 090 |
_c3506 _d3506 |
||
| 100 | 1 | _aSeidman, Mr. Karl F. | |
| 245 | 1 | 0 |
_aEconomic development finance / _cMr. Karl F. Seidman. |
| 250 | _a1st ed. | ||
| 260 |
_a[S.l.] : _bSage Publications, Inc, _c2004. |
||
| 300 |
_a520 p. ; _c26 cm. |
||
| 500 | _aHardcover. | ||
| 520 | _aEconomic Development Finance is a comprehensive and in-depth presentation of private, public, and community financial institutions, policies and methods for financing local and regional economic development projects. The treatment of policies and program models emphasizes their applications and impact, key design and management issues, and best practices. A separate section addresses critical management issues for development finance programs: program and product design, the lending and investment process, and capital management. Case studies are included throughout the book to help readers develop their skills and apply policies and tools to real practice issues. A glossary of finance terms is also included. | ||
| 856 | 4 | 0 |
_3Amazon.com _uhttp://www.amazon.com/exec/obidos/ASIN/0761927093/chopaconline-20 |
| 856 | 4 | 0 |
_3Amazon customer reviews _uhttp://www.chopac.org/cgi-bin/tools/azrev.pl?q=0761927093 |
| 942 |
_aNBS _cBK _k338.43 SEI |
||
| 999 |
_c345982 _d345982 |
||